000 00794nam a2200217Ii 4500
003 JO-AjNU
008 230605s9999||||xx |||||||||||||| ||und||
017 _a2005/17144
020 _a977-5383-73-0
040 _aJO-AjNU
_bara
_erda
_cJO-AjNU
041 _aara
050 1 4 _aPJ7852.H41.M98 2005
100 3 _aتأليف الخراط،إدوارد,
_eauthor
_923959
245 0 0 _aمواجهة المستحيل: مقاطع أخرى من سيرة ذاتية للكاتبة
264 3 1 _aالقاهرة:دار البستاني،2005 ؛ عمان:دار أزمنة،2005
300 _a288ص
336 _atext
_btxt
_2rdacontent
337 _aunmediated
_bn
_2rdamedia
338 _avolume
_bnc
_2rdacarrier
650 4 _aالأدب العربي - تراجم - السيرة الذاتية
_923960
999 _aA8749
_c12317
_d12317